• 首页
  • 本馆介绍
  • 公告通知
  • 最新文献
  • 馆藏检索
  • 电子资源
  • 读者导购
  • 参考咨询
  • 我的图书馆
  • 登录
  • 详细信息显示
  • 放入我的书架
  • 预约/预借图书
  • 作者相关作品
  • 分类相关作品
  • 丛书相关作品
  • 出版社相关作品

书目信息

  • 表格格式
  • 工作单格式
  • 卡片格式
题名:
汉字演变五百例
    
 
作者: 李乐毅 著
分册:  
出版信息: 北京   北京语言文化大学出版社  2002
页数: 500页
开本: 20cm
丛书名:
单 册:
中图分类: H12
科图分类:
主题词: 汉字--文字学
电子资源:
ISBN: 7-5619-1187-4
000 00565nam0 2200205 45
001 0409221797
005 20041026104311.2
010    @a7-5619-1187-4@dCNY30.00
100    @a20040922d2002 km y0chiy0120 ea
101 0  @achi
105    @a z 000yy
200 1  @a汉字演变五百例@AHan Zi Yan Bian Wu Bai Li@f李乐毅著@FLi Yue Yi Zhu
205    @a修订版
210    @a北京@c北京语言文化大学出版社@d2002
215    @a500页@d20cm
606 0  @a汉字@x文字学
690    @aH12@v4
701  0 @a李乐毅@4著
801    @aCN@bTSTCL@c20040922
905    @b336029-036@dH12@e101:1=2@f8
    
    汉字演变五百例/李乐毅著.-修订版.-北京:北京语言文化大学出版社,2002
    500页;20cm
    
    
    ISBN 7-5619-1187-4:CNY30.00
    
●
相关链接 在E读中查询图书 在五车中查询图书 在当当中查询图书 在豆瓣中查询图书


正题名:汉字演变五百例     索取号:H12/101:1=2         预约/预借

序号 登录号 条形码 馆藏地/架位号 状态 备注
1 0336029   203360291   第四借阅区/ [索取号:H12/101:1=2] 在馆    
2 0336030   203360308   第四借阅区/ [索取号:H12/101:1=2] 在馆    
3 0336031   203360317   第四借阅区/ [索取号:H12/101:1=2] 在馆    
4 0336032   203360326   第四借阅区/ [索取号:H12/101:1=2] 在馆    
5 0336033   203360335   第四借阅区/ [索取号:H12/101:1=2] 在馆    
6 0336034   203360344   第四借阅区/ [索取号:H12/101:1=2] 在馆    
7 0336035   203360353   第四借阅区/ [索取号:H12/101:1=2] 在馆    
8 0336036   203360362   第二样本阅览室/ [索取号:H12/101:1=2] 在馆    
唐山师范学院图书馆 欢迎您!
大连网信软件有限公司© 版权所有